Statistiche per Stati che confinano con il Sudafrica

Clicka qui per fare il quiz!

Statistiche generali

  • Questo quiz è stato fatto 12 volte
  • Il punteggio medio è 5 su 6

Statistiche sulle risposte

Superficie (km²)Popolazione (ab.)Lunghezza confine (km)Stato% Corretto
825 4182 703 7821 005Namibia
100%
30 3552 007 2011 106Lesotho
89%
390 75715 993 524230Zimbabwe
89%
581 7262 254 0681 969Botswana
78%
17 3631 406 164138eSwatini
78%
801 59027 909 798496Mozambico
78%

Distribuzione punteggi

Percentile per numero di risposta

Percentuale di utenti per punteggio

I tuoi punteggi nel tempo

Non hai fatto questo quiz